<?xml version="1.0" encoding="UTF-8"?>
<collection xmlns="http://www.loc.gov/MARC21/slim">
<record>
  <controlfield tag="001">171284</controlfield>
  <controlfield tag="005">20260520092808.0</controlfield>
  <datafield tag="024" ind1="7" ind2=" ">
    <subfield code="2">doi</subfield>
    <subfield code="a">10.1016/j.ridd.2016.10.002</subfield>
  </datafield>
  <datafield tag="024" ind1="8" ind2=" ">
    <subfield code="2">sideral</subfield>
    <subfield code="a">96661</subfield>
  </datafield>
  <datafield tag="037" ind1=" " ind2=" ">
    <subfield code="a">ART-2016-96661</subfield>
  </datafield>
  <datafield tag="041" ind1=" " ind2=" ">
    <subfield code="a">eng</subfield>
  </datafield>
  <datafield tag="100" ind1=" " ind2=" ">
    <subfield code="a">Perez-Roche, T.</subfield>
  </datafield>
  <datafield tag="245" ind1=" " ind2=" ">
    <subfield code="a">Effect of prematurity and low birth weight in visual abilities and school performance</subfield>
  </datafield>
  <datafield tag="260" ind1=" " ind2=" ">
    <subfield code="c">2016</subfield>
  </datafield>
  <datafield tag="520" ind1="3" ind2=" ">
    <subfield code="a">Background Prematurity and low birth weight are known risk factors for cognitive and developmental impairments, and school failure. Visual perceptual and visual motor skills seem to be among the most affected cognitive domains in these children. Aims To assess the influence of prematurity and low birth weight in visual cognitive skills and school performance. Methods We performed a prospective cohort study, which included 80 boys and girls in an age range from 5 to 13. Subjects were grouped by gestational age at birth (preterm, &lt;37 weeks; term, 37–42 weeks) and birth weight (small for gestational age (SGA), &lt;10th centile; appropriate weight for gestational age (AGA), =10th centile). Each child underwent full ophthalmologic assessment and standardized testing of visual cognitive abilities (Test of Visual Perceptual Skills and Test of Visual Analysis Skills). Parents completed a questionnaire on school performance in children. Results Figure-ground skill and visual motor integration were significantly decreased in the preterm birth group, compared with term control subjects (figure-ground: 45.7 vs 66.5, p = 0.012; visual motor integration, TVAS: (9.9 vs 11.8, p = 0.018), while outcomes of visual memory (29.0 vs 47.7, p = 0.012), form constancy (33.3 vs 52.8, p = 0.019), figure-ground (37.4 vs 65.6, p = 0.001), and visual closure (43.7 vs 62.6 p = 0.016) testing were lower in the SGA (vs AGA) group. Visual cognitive difficulties corresponded with worse performance in mathematics (r = 0.414, p = 0.004) and reading (r = 0.343, p = 0.018). Conclusion Specific patterns of visual perceptual and visual motor deficits are displayed by children born preterm or SGA, which hinder mathematics and reading performance.</subfield>
  </datafield>
  <datafield tag="536" ind1=" " ind2=" ">
    <subfield code="9">info:eu-repo/grantAgreement/EUR/ERDF/RD12-0026</subfield>
    <subfield code="9">info:eu-repo/grantAgreement/ES/ISCIII/PI11-02430</subfield>
  </datafield>
  <datafield tag="540" ind1=" " ind2=" ">
    <subfield code="9">info:eu-repo/semantics/closedAccess</subfield>
    <subfield code="a">All rights reserved</subfield>
    <subfield code="u">http://www.europeana.eu/rights/rr-f/</subfield>
  </datafield>
  <datafield tag="590" ind1=" " ind2=" ">
    <subfield code="a">1.63</subfield>
    <subfield code="b">2016</subfield>
  </datafield>
  <datafield tag="591" ind1=" " ind2=" ">
    <subfield code="a">EDUCATION, SPECIAL</subfield>
    <subfield code="b">8 / 38 = 0.211</subfield>
    <subfield code="c">2016</subfield>
    <subfield code="d">Q1</subfield>
    <subfield code="e">T1</subfield>
  </datafield>
  <datafield tag="591" ind1=" " ind2=" ">
    <subfield code="a">REHABILITATION</subfield>
    <subfield code="b">19 / 70 = 0.271</subfield>
    <subfield code="c">2016</subfield>
    <subfield code="d">Q2</subfield>
    <subfield code="e">T1</subfield>
  </datafield>
  <datafield tag="592" ind1=" " ind2=" ">
    <subfield code="a">1.026</subfield>
    <subfield code="b">2016</subfield>
  </datafield>
  <datafield tag="593" ind1=" " ind2=" ">
    <subfield code="a">Clinical Psychology</subfield>
    <subfield code="c">2016</subfield>
    <subfield code="d">Q1</subfield>
  </datafield>
  <datafield tag="593" ind1=" " ind2=" ">
    <subfield code="a">Developmental and Educational Psychology</subfield>
    <subfield code="c">2016</subfield>
    <subfield code="d">Q2</subfield>
  </datafield>
  <datafield tag="655" ind1=" " ind2="4">
    <subfield code="a">info:eu-repo/semantics/article</subfield>
    <subfield code="v">info:eu-repo/semantics/publishedVersion</subfield>
  </datafield>
  <datafield tag="700" ind1=" " ind2=" ">
    <subfield code="a">Altemir, I.</subfield>
  </datafield>
  <datafield tag="700" ind1=" " ind2=" ">
    <subfield code="a">Giménez, G.</subfield>
  </datafield>
  <datafield tag="700" ind1=" " ind2=" ">
    <subfield code="a">Prieto, E.</subfield>
  </datafield>
  <datafield tag="700" ind1=" " ind2=" ">
    <subfield code="a">González, I.</subfield>
  </datafield>
  <datafield tag="700" ind1=" " ind2=" ">
    <subfield code="a">Peña-Segura, J. L.</subfield>
    <subfield code="u">Universidad de Zaragoza</subfield>
    <subfield code="0">(orcid)0000-0002-9336-780X</subfield>
  </datafield>
  <datafield tag="700" ind1=" " ind2=" ">
    <subfield code="a">Castillo, O.</subfield>
  </datafield>
  <datafield tag="700" ind1=" " ind2=" ">
    <subfield code="a">Pueyo, V.</subfield>
    <subfield code="u">Universidad de Zaragoza</subfield>
    <subfield code="0">(orcid)0000-0002-1777-0349</subfield>
  </datafield>
  <datafield tag="710" ind1="2" ind2=" ">
    <subfield code="1">1004</subfield>
    <subfield code="2">646</subfield>
    <subfield code="a">Universidad de Zaragoza</subfield>
    <subfield code="b">Dpto. Cirugía,Ginecol.Obstetr.</subfield>
    <subfield code="c">Área Oftalmología</subfield>
  </datafield>
  <datafield tag="710" ind1="2" ind2=" ">
    <subfield code="1">1010</subfield>
    <subfield code="2">670</subfield>
    <subfield code="a">Universidad de Zaragoza</subfield>
    <subfield code="b">Dpto. Pediatría Radiol.Med.Fís</subfield>
    <subfield code="c">Área Pediatría</subfield>
  </datafield>
  <datafield tag="773" ind1=" " ind2=" ">
    <subfield code="g">59 (2016), 451-457</subfield>
    <subfield code="p">Res. dev. disabil.</subfield>
    <subfield code="t">RESEARCH IN DEVELOPMENTAL DISABILITIES</subfield>
    <subfield code="x">0891-4222</subfield>
  </datafield>
  <datafield tag="856" ind1="4" ind2=" ">
    <subfield code="s">705372</subfield>
    <subfield code="u">http://zaguan.unizar.es/record/171284/files/texto_completo.pdf</subfield>
    <subfield code="y">Versión publicada</subfield>
  </datafield>
  <datafield tag="856" ind1="4" ind2=" ">
    <subfield code="s">1997314</subfield>
    <subfield code="u">http://zaguan.unizar.es/record/171284/files/texto_completo.jpg?subformat=icon</subfield>
    <subfield code="x">icon</subfield>
    <subfield code="y">Versión publicada</subfield>
  </datafield>
  <datafield tag="909" ind1="C" ind2="O">
    <subfield code="o">oai:zaguan.unizar.es:171284</subfield>
    <subfield code="p">articulos</subfield>
    <subfield code="p">driver</subfield>
  </datafield>
  <datafield tag="951" ind1=" " ind2=" ">
    <subfield code="a">2026-05-20-08:31:29</subfield>
  </datafield>
  <datafield tag="980" ind1=" " ind2=" ">
    <subfield code="a">ARTICLE</subfield>
  </datafield>
</record>
</collection>